000
00227 a2200097 4500
001
52711
100
_a
Knoll G F
245
_a
Radiation Detection and Measurements
260
_a
New York
_b
John Wiley
_c
090
_c
33155
_d
33155
942
_a
NUST-CAE
_c
M
_c
25731
999
_c
287784
_d
287784